书目信息 |
| 题名: |
Photoshop CS中文版教程
|
|
| 作者: | 方晨 编著 | |
| 分册: | ||
| 出版信息: | 上海 上海科学普及出版社 2004.03 |
|
| 页数: | 270页 | |
| 开本: | 26cm | |
| 丛书名: | ||
| 单 册: | ||
| 中图分类: | TP391.41 | |
| 科图分类: | ||
| 主题词: | 计算机应用 | |
| 电子资源: | ||
| ISBN: | 7-5427-2437-1 | |
| 000 | 00571nam0 2200193 45 | |
| 001 | 0457888494 | |
| 005 | 2004052816044849 | |
| 010 | @a7-5427-2437-1@dCNY 24.00 | |
| 100 | @a20040528d2004 km y0chiy0120 ea | |
| 101 | 0 | @achi |
| 102 | @aCN@b310000 | |
| 200 | 1 | @aPhotoshop CS中文版教程@APhotoshop CS zhong wen ban jiao cheng@f方晨编著@Ffang chen bian zhu |
| 210 | @a上海@c上海科学普及出版社@d2004.03 | |
| 215 | @a270页@d26cm | |
| 606 | 0 | @a计算机应用 |
| 690 | 1 | @aTP391.41@v4 |
| 701 | 0 | @a方晨@Afang chen@4编著 |
| 801 | 0 | @aCN@bPFT@c20040528 |
| 905 | @a10447@dTP391.41@eF1853 | |
| Photoshop CS中文版教程/方晨编著.-上海:上海科学普及出版社,2004.03 |
| 270页;26cm |
| ISBN 7-5427-2437-1:CNY 24.00 |
| ● |
| 相关链接 |
|
|
|
正题名:Photoshop CS中文版教程
索取号:TP391.41/F1853
 
预约/预借
| 序号 | 登录号 | 条形码 | 馆藏地/架位号 | 状态 | 备注 |
| 1 | 378070 | 203780701 | 自科二线404/301自科库 62排6列2层/ [索取号:TP391.41/F1853] | 在馆 | |
| 2 | 378071 | 203780710 | 自科库301/ [索取号:TP391.41/F1853] | 在馆 | |
| 3 | 378072 | 203780729 | 自科二线404/301自科库 62排6列2层/ [索取号:TP391.41/F1853] | 在馆 |